00971nam a22002297a 450000500170000000700150001700800410003202000180007303500090009104000090010010000280010924501170013725600240025426000370027830000280031550602260034365000270056965000240059665000270062074000380064785600560068520240305165406.0cr|||| |||| 130307e2006 it |||||s|||| 00||0 ita d a9788884225450 a7354 avLex10aVescovo, Donatella Del 14aGli appalti pubblici nel diritto internazionale e comunitarioc/ Donatella Del Vescovo h[Recurso electrónico] aServicio en línea aBari : bCacucci Editore, c2006 a1 Recurso electrónico dvLex GlobaldvLex Global (Academic Edition, excluding Law Schools)dvLex Global (U.S. Academic Edition, Law Schools)dvLex Global (U.S. Academic Edition, excluding Law Schools)dvLex Global (Academic Edition, Law Schools)04aDerecho internacional 04aDerecho comunitario04aComercio internacional avLex Libros (Servicio en línea) aAcceso restringidouhttp://www.vlex.com/source/7354